000 00788 a2200229 4500
005 20251022131135.0
008 251022b |||||||| |||| 00| 0 eng d
020 _a9781032317380 (pbk)
037 _cTB
040 _aCRL
_cCRL
041 _2eng
_aeng
084 _aR R4
_qCRL
245 _aExtreme philosophy:
_bbold ideas and a spirit o progress
260 _aNew York, USA;
_aLondon, UK:
_bRoutledge Taylor & Francis Group,
_c2024.
300 _ax, 309p.
365 _b44.99
_cUKP
650 _aMoral
_9849217
650 _aPhilosophy
_9849218
700 _aStephen, Hetherington
_eeditor.
_9849219
942 _cTB
_2CC
_n0
_hR R4
999 _c1435796
_d1435796